000 00518nam a2200193Ia 4500
003 IIN
005 20250526123604.0
008 250526s2025 xx ad 001 0 eng d
020 _cRs.495.00
_a9788197260780
040 _aIIN
_bEnglish
082 _a615.1
_bSET
100 1 _aSethi, Dipak
245 1 _aTextbook of Pharmacology
_bfor BSc. Nurses Students/
_cDipak Sethi
260 _aDelhi
_bAITBS
_c2025
300 _axx, 420 p.
_bill.
500 _aIncludes Index
650 1 _aPharmacology
942 _cBOOK
999 _c1842
_d1842